| 000 | 00331nam a22000977a 4500 | ||
|---|---|---|---|
| 008 | 230606b xxu||||| |||| 00| 0 eng d | ||
| 245 | _aDraft Treaty for the Establishment of the East African Community | ||
| 260 |
_aArusha,Tanzania _bThe Secretariat of the Commission for East African Co-operation |
||
| 300 | _aVII,121p | ||
| 942 |
_2ddc _cBK |
||
| 999 |
_c728 _d728 |
||